| 000 -LEADER |
| fixed length control field |
00458nam a22001577a 4500 |
| 008 - FIXED-LENGTH DATA ELEMENTS--GENERAL INFORMATION |
| fixed length control field |
190829b ||||| |||| 00| 0 eng d |
| 100 ## - MAIN ENTRY--PERSONAL NAME |
| Personal name |
Phadnis, Ajit |
| 245 ## - TITLE STATEMENT |
| Title |
The politics of farm loan waivers: a comparative study |
| 260 ## - PUBLICATION, DISTRIBUTION, ETC. (IMPRINT) |
| Date of publication, distribution, etc |
2019 |
| 300 ## - PHYSICAL DESCRIPTION |
| Extent |
p.50-56. |
| 650 ## - SUBJECT ADDED ENTRY--TOPICAL TERM |
| Topical term or geographic name as entry element |
Loans - Agriculture |
| 9 (RLIN) |
9170 |
| 700 ## - ADDED ENTRY--PERSONAL NAME |
| Personal name |
Gupta, Aishwarya |
| 9 (RLIN) |
9171 |
| 773 ## - HOST ITEM ENTRY |
| Main entry heading |
Economic and Political Weekly |
| 906 ## - LOCAL DATA ELEMENT F, LDF (RLIN) |
| Subject DIP |
Agricultural credit - India |
| 942 ## - ADDED ENTRY ELEMENTS (KOHA) |
| Source of classification or shelving scheme |
|
| Item type |
Articles |